Water governance for sustainable development / (Record no. 15493)

000 -LEADER
fixed length control field 00952cam a22002414a 4500
020 ## - INTERNATIONAL STANDARD BOOK NUMBER
ISBN 184407319X (hardback)
020 ## - INTERNATIONAL STANDARD BOOK NUMBER
ISBN 9781844073191
040 ## - CATALOGING SOURCE
Transcribing agency DLC
082 00 - DEWEY DECIMAL CLASSIFICATION NUMBER
Classification number 333 EAR 2006 A077 Co.
245 00 - TITLE STATEMENT
Title Water governance for sustainable development /
260 ## - PUBLICATION, DISTRIBUTION, ETC. (IMPRINT)
Place of publication London ;
-- Sterling, VA :
Name of publisher Earthscan,
Year of publication 2006.
300 ## - PHYSICAL DESCRIPTION
Number of Pages xxiv, 295 p. :
Other physical details ill., maps ;
Dimensions 24 cm.
500 ## - GENERAL NOTE
General note "The idea of the present book originated during the international workshop on Water Resource Management for Local Development: Governance, Institutions and Policies (WRM2004, Loskop Dam, South Africa, 8-11 November 2004)"--Acknowledgements.
650 #0 - SUBJECT ADDED ENTRY--TOPICAL TERM
Topical Term Sustainable development
650 #0 - SUBJECT ADDED ENTRY--TOPICAL TERM
Topical Term Water-supply
650 #0 - SUBJECT ADDED ENTRY--TOPICAL TERM
Topical Term Water quality management
650 #0 - SUBJECT ADDED ENTRY--TOPICAL TERM
Topical Term Water resources development
700 1# - ADDED ENTRY--PERSONAL NAME
Personal name Perret, S.
700 1# - ADDED ENTRY--PERSONAL NAME
Personal name Farolfi, Stefano.
700 1# - ADDED ENTRY--PERSONAL NAME
Personal name Hassan, Rashid M.
856 41 - ELECTRONIC LOCATION AND ACCESS
Uniform Resource Identifier http://www.loc.gov/catdir/toc/ecip065/2005036769.html
942 ## - ADDED ENTRY ELEMENTS (KOHA)
Koha item type សៀវភៅភាសាអង់គ្លេស
952 ## - LOCATION AND ITEM INFORMATION (KOHA)
Withdrawn status [LOCAL, KOHA] 0
952 ## - LOCATION AND ITEM INFORMATION (KOHA)
Withdrawn status [LOCAL, KOHA] 0
Holdings
Permanent Location Date acquired Koha item type Lost status Shelving location Barcode Current Location Full call number
Library Block A2017-11-27សៀវភៅភាសាអង់គ្លេស A077A07568Library Block A333 EAR 2006 A077 Co.
Library Block A2017-11-27សៀវភៅភាសាអង់គ្លេស A077A07389Library Block A333 EAR 2006 A077 Co.
មជ្ឈមណ្ឌលឯការនៃសាកលវិទ្យាល័យភូមិន្ទកសិកម្មចំការដូង

Powered by Koha